[Event "Abe Yanofsky mem U2000"]
[Site "Winnipeg CAN"]
[Date "2003.08.29"]
[Round "2"]
[White "Curtis, Rory"]
[Black "Dean, Tim"]
[Result "0-1"]
[WhiteElo "1652"]
[BlackElo "1767"]
[PlyCount "102"]
[EventDate "2003.08.29"]
[EventType "swiss"]
[EventRounds "6"]
[EventCountry "CAN"]

1. d4 Nf6 2. c4 e5 3. dxe5 Ng4 4. e4 Nxe5 5. f4 Nec6 6. Be3 Bb4+ 7. Nd2 d6 8.
Ngf3 O-O 9. Bd3 Nd7 10. O-O Nf6 11. a3 Ng4 12. Re1 Nxe3 13. Rxe3 Bc5 14. Qe1
Qf6 15. Kh1 Bxe3 16. Qxe3 Qxb2 17. Rg1 Bd7 18. g4 Rae8 19. h4 Qb6 20. Qe1 Nd4
21. h5 Nxf3 22. Nxf3 Qb3 23. Qf1 Bc6 24. h6 Qc3 25. Nh4 Bxe4+ 26. Bxe4 Rxe4 27.
hxg7 Rfe8 28. Nf3 Rxf4 29. Rg3 Re3 30. Kg2 Rfxf3 31. Rxf3 Rxf3 32. Qxf3 Qxf3+
33. Kxf3 Kxg7 34. Ke4 Kf6 35. Kf4 Kg6 36. a4 h5 37. gxh5+ Kxh5 38. Kf5 c6 39.
Kf6 d5 40. cxd5 cxd5 41. Ke5 Kg5 42. Kxd5 f5 43. Kd6 a6 44. Kc5 b5 45. a5 f4
46. Kb6 b4 47. Kxa6 b3 48. Kb7 b2 49. a6 b1=Q+ 50. Ka8 Qa1 51. Kb7 f3 0-1

[Event "Abe Yanofsky mem U2000"]
[Site "Winnipeg CAN"]
[Date "2003.08.29"]
[Round "2"]
[White "Gannon, Keith"]
[Black "Charter, Bennet"]
[Result "1-0"]
[WhiteElo "1615"]
[BlackElo "1706"]
[PlyCount "103"]
[EventDate "2003.08.29"]
[EventType "swiss"]
[EventRounds "6"]
[EventCountry "CAN"]

1. e4 c5 2. Nf3 Nc6 3. d4 cxd4 4. Nxd4 g6 5. Nc3 Bg7 6. Be3 Nf6 7. Be2 O-O 8.
O-O d5 9. Nxc6 bxc6 10. exd5 cxd5 11. Bd4 e6 12. Re1 Re8 13. Bf3 Bd7 14. a3 Bc6
15. Rb1 a5 16. a4 Qd7 17. b3 Qb7 18. h3 Nd7 19. Bxg7 Kxg7 20. Be2 e5 21. Bb5 d4
22. Bxc6 Qxc6 23. Nb5 Nb6 24. Rc1 Nd5 25. Qf3 Qd7 26. c3 Nxc3 27. Nxc3 dxc3 28.
Qxc3 Qd4 29. Qf3 Rab8 30. Rc7 Qb6 31. Qxf7+ Kh6 32. Qxh7+ Kg5 33. h4+ Kf5 34.
Qd7+ Qe6 35. Qd3+ e4 36. Rc5+ Kf6 37. Qd4+ Kf7 38. Rxa5 Rxb3 39. Ra7+ Re7 40.
Rxe7+ Qxe7 41. Qd5+ Qe6 42. Qxe6+ Kxe6 43. Rxe4+ Kf5 44. f3 Ra3 45. Kh2 Ra2 46.
Rb4 Kf6 47. Kg3 Kf5 48. Rb5+ Kf6 49. a5 Kg7 50. h5 gxh5 51. Rxh5 Kg6 52. Rb5
1-0

[Event "Abe Yanofsky mem U2000"]
[Site "Winnipeg CAN"]
[Date "2003.08.29"]
[Round "2"]
[White "Jarmasz, Mark"]
[Black "Czypinski, Jaroslaw"]
[Result "1-0"]
[WhiteElo "1759"]
[BlackElo "1996"]
[PlyCount "75"]
[EventDate "2003.08.29"]
[EventType "swiss"]
[EventRounds "6"]
[EventCountry "CAN"]

1. e4 d5 2. exd5 Nf6 3. d4 Nxd5 4. Nf3 Bg4 5. Be2 e6 6. O-O Bd6 7. Ne5 Bxe2 8.
Qxe2 O-O 9. c4 Nf6 10. Bg5 Be7 11. Rd1 c6 12. Nc3 Nbd7 13. Rd3 Ne8 14. Bf4 Ndf6
15. Rad1 Nc7 16. Rg3 Kh8 17. Ng4 Nh5 18. Rf3 Nxf4 19. Rxf4 Bd6 20. Rf3 Be7 21.
Ne5 Bf6 22. Ne4 Ne8 23. Rh3 Bxe5 24. dxe5 Qe7 25. Rxh7+ Kxh7 26. Qh5+ Kg8 27.
Ng5 Qxg5 28. Qxg5 Nc7 29. Rd3 b5 30. Rg3 Ne8 31. cxb5 cxb5 32. h4 f6 33. Qg6
fxe5 34. Qxe6+ Kh8 35. Rg5 Nf6 36. Qe7 Rg8 37. Qf7 Nh7 38. Rh5 1-0

[Event "Abe Yanofsky mem U2000"]
[Site "Winnipeg CAN"]
[Date "2003.08.29"]
[Round "2"]
[White "Magyar, Peter"]
[Black "Barkman, Daniel"]
[Result "1-0"]
[WhiteElo "1711"]
[BlackElo "1609"]
[PlyCount "49"]
[EventDate "2003.08.29"]
[EventType "swiss"]
[EventRounds "6"]
[EventCountry "CAN"]

1. e4 e6 2. d4 d5 3. Nd2 Nf6 4. e5 Nfd7 5. Bd3 c5 6. c3 Nc6 7. Ne2 Qb6 8. Nf3
cxd4 9. cxd4 Be7 10. O-O O-O 11. a3 f6 12. exf6 Nxf6 13. Re1 Bd7 14. Bf4 Nh5
15. Be5 Rxf3 16. gxf3 Nxe5 17. dxe5 Bc5 18. Rf1 Rf8 19. b4 Bxf2+ 20. Rxf2 Rxf3
21. Nd4 Rxf2 22. Bxh7+ Kxh7 23. Kxf2 Ba4 24. Qxh5+ Kg8 25. Ke3 1-0

[Event "Abe Yanofsky mem U2000"]
[Site "Winnipeg CAN"]
[Date "2003.08.29"]
[Round "2"]
[White "Proulx, Roy"]
[Black "Harding, Mike"]
[Result "1/2-1/2"]
[WhiteElo "1664"]
[BlackElo "1838"]
[PlyCount "49"]
[EventDate "2003.08.29"]
[EventType "swiss"]
[EventRounds "6"]
[EventCountry "CAN"]

1. e4 d5 2. exd5 Nf6 3. d4 Nxd5 4. c4 Nf6 5. Nf3 Bg4 6. Be2 e6 7. O-O Be7 8.
Nc3 O-O 9. Qb3 Nc6 10. Qxb7 Nxd4 11. Nxd4 Qxd4 12. Be3 Qe5 13. h3 Bd6 14. g3
Bxh3 15. Rfe1 Rab8 16. Qxa7 Rxb2 17. Bd4 Qg5 18. Bxf6 Qxf6 19. Ne4 Qe5 20. Bd3
Qh5 21. Qe3 Bg4 22. Bf1 Be5 23. Nc5 Bf6 24. Nd7 Bg5 25. Qc3 1/2-1/2

[Event "Abe Yanofsky mem U2000"]
[Site "Winnipeg CAN"]
[Date "2003.08.29"]
[Round "2"]
[White "Rutter, Blair"]
[Black "Czarny, Keith"]
[Result "1/2-1/2"]
[WhiteElo "1751"]
[BlackElo "1621"]
[PlyCount "144"]
[EventDate "2003.08.29"]
[EventType "swiss"]
[EventRounds "6"]
[EventCountry "CAN"]

1. d4 e6 2. c4 f5 3. Nf3 Nf6 4. a3 g6 5. Nc3 Bg7 6. e3 O-O 7. Be2 d6 8. O-O Bd7
9. Qc2 c5 10. b3 Nc6 11. Bb2 e5 12. d5 Ne7 13. Rad1 e4 14. Ng5 Qc8 15. f4 h6
16. Ne6 Bxe6 17. dxe6 Qxe6 18. Nb5 Ne8 19. Bxg7 Kxg7 20. Rd2 a6 21. Nc3 Rd8 22.
Rfd1 Nc8 23. Qb2 Qf6 24. Qc2 Nc7 25. b4 cxb4 26. axb4 Na7 27. b5 axb5 28. cxb5
Nc8 29. Nxe4 fxe4 30. Qxc7+ Rf7 31. Qc2 Nb6 32. Qxe4 Re7 33. Qf3 Na4 34. g3 Nc3
35. Rc1 Rc8 36. Rdc2 Rec7 37. Bd3 d5 38. Kg2 Qd6 39. e4 dxe4 40. Bxe4 Nxb5 41.
Rxc7+ Rxc7 42. Rxc7+ Nxc7 43. Qc3+ Kf7 44. Bxb7 Ne8 45. Be4 Nf6 46. Qc4+ Kg7
47. Bf3 Qd2+ 48. Be2 Qd5+ 49. Qxd5 Nxd5 50. Kf3 Kf6 51. h3 g5 52. fxg5+ Kxg5
53. h4+ Kg6 54. Bd3+ Kg7 55. Ke4 Nf6+ 56. Kf5 Nh5 57. g4 Nf6 58. Bc4 Nxg4 59.
Kxg4 Kh8 60. Kh5 Kg7 61. Bd3 Kh8 62. Kxh6 Kg8 63. Kg6 Kh8 64. h5 Kg8 65. Bc4+
Kh8 66. Kf7 Kh7 67. Ke8 Kh8 68. Bf7 Kg7 69. Bg6 Kh8 70. h6 Kg8 71. Ke7 Kh8 72.
Kf6 Kg8 1/2-1/2

[Event "Abe Yanofsky mem U2000"]
[Site "Winnipeg CAN"]
[Date "2003.08.29"]
[Round "2"]
[White "Thompson, Brian"]
[Black "Strub, Michael"]
[Result "1-0"]
[WhiteElo "1864"]
[BlackElo "1767"]
[PlyCount "99"]
[EventDate "2003.08.29"]
[EventType "swiss"]
[EventRounds "6"]
[EventCountry "CAN"]

1. e4 e5 2. Nf3 Nc6 3. Nc3 Nf6 4. d4 exd4 5. Nd5 Be7 6. Nxd4 O-O 7. Nf5 Nxd5 8.
exd5 Re8 9. Be3 Ne5 10. Be2 d6 11. Nxe7+ Rxe7 12. O-O Bf5 13. Bd4 c5 14. dxc6
bxc6 15. b3 Qc7 16. g4 Bc8 17. f4 Nd7 18. Bf3 Ba6 19. Re1 Rae8 20. Qd2 Nb6 21.
Rxe7 Rxe7 22. Re1 Rxe1+ 23. Qxe1 Kf8 24. Qc3 f6 25. Qxc6 Qxc6 26. Bxc6 Be2 27.
h3 Ke7 28. Kf2 Ba6 29. g5 Ke6 30. gxf6 gxf6 31. c4 Kf5 32. Kf3 h6 33. a4 Kg6
34. c5 Nc8 35. Bd7 dxc5 36. Bxc5 Bb7+ 37. Kg3 Nb6 38. f5+ Kg7 39. Be6 Be4 40.
Kf4 Bg2 41. h4 Nd5+ 42. Kg3 Be4 43. Bxa7 Nc7 44. Kf4 Bc2 45. Bc4 Kf8 46. Bb8
Ne8 47. a5 Ng7 48. a6 Nh5+ 49. Ke3 Ng3 50. Bxg3 1-0

[Event "Abe Yanofsky mem U2000"]
[Site "Winnipeg CAN"]
[Date "2003.08.29"]
[Round "2"]
[White "Van Wyk, Joseph"]
[Black "Katona, John"]
[Result "1-0"]
[WhiteElo "1939"]
[BlackElo "1757"]
[PlyCount "29"]
[EventDate "2003.08.29"]
[EventType "swiss"]
[EventRounds "6"]
[EventCountry "CAN"]

1. e4 c5 2. g3 Nc6 3. Bg2 g6 4. Ne2 Bg7 5. O-O e6 6. Nbc3 Nge7 7. d3 d6 8. Bg5
h6 9. Be3 Ne5 10. h3 g5 11. f4 gxf4 12. Nxf4 N5g6 13. Nh5 O-O 14. Qd2 Qb6 15.
Nxg7 1-0

[Event "Abe Yanofsky mem U2000"]
[Site "Winnipeg CAN"]
[Date "2003.08.29"]
[Round "2"]
[White "Wangen, Michael"]
[Black "Zaczek, Jonathan"]
[Result "1-0"]
[WhiteElo "1907"]
[BlackElo "1658"]
[PlyCount "59"]
[EventDate "2003.08.29"]
[EventType "swiss"]
[EventRounds "6"]
[EventCountry "CAN"]

1. c4 Nf6 2. g3 g6 3. Bg2 Bg7 4. Nc3 O-O 5. e4 c5 6. Nge2 Nc6 7. O-O Ne8 8. f4
f5 9. d3 d6 10. h3 e5 11. Be3 Nc7 12. Qd2 Ne6 13. Kh2 Ned4 14. Nd5 Be6 15. fxe5
Bxe5 16. Bg5 Qd7 17. Nef4 fxe4 18. Nxe6 Qxe6 19. Bxe4 Bg7 20. Nc7 Qd7 21. Bd5+
Kh8 22. Nxa8 Rxa8 23. Rae1 Ne5 24. Bf6 Re8 25. Bxe5 Bxe5 26. Rf7 Re7 27. Rf8+
Kg7 28. Ref1 Nf5 29. R1xf5 gxf5 30. Rg8+ 1-0

[Event "Abe Yanofsky mem U2000"]
[Site "Winnipeg CAN"]
[Date "2003.08.30"]
[Round "3"]
[White "Barkman, Daniel"]
[Black "Bist, Kent"]
[Result "1-0"]
[WhiteElo "1609"]
[BlackElo "1669"]
[PlyCount "87"]
[EventDate "2003.08.29"]
[EventType "swiss"]
[EventRounds "6"]
[EventCountry "CAN"]

1. e4 c5 2. Nf3 Nc6 3. d4 cxd4 4. Nxd4 d6 5. Be2 g6 6. Be3 Nf6 7. Nc3 a6 8. O-O
Bg7 9. Kh1 O-O 10. a3 e5 11. Nf3 Qc7 12. Bc4 Ne7 13. Bb3 Bg4 14. Qe2 Rac8 15.
Rad1 Rfd8 16. Rd3 Qb8 17. Bb6 Rd7 18. h3 Bxf3 19. Qxf3 Nc6 20. Rfd1 Rf8 21. Qe2
Nh5 22. Qg4 Nf6 23. Qe2 Nd4 24. Bxd4 exd4 25. Rxd4 b5 26. Qd2 Re8 27. f3 Red8
28. Rd3 Nh5 29. g4 Nf6 30. Qf4 Ne8 31. h4 Be5 32. Qe3 Bg7 33. h5 Re7 34. Nd5
Rb7 35. hxg6 hxg6 36. Nf4 Kf8 37. Nxg6+ fxg6 38. Qf4+ Nf6 39. g5 Qc8 40. gxf6
Qh3+ 41. Kg1 Bh6 42. Qg4 Qxg4+ 43. fxg4 Bf4 44. Rh3 1-0

[Event "Abe Yanofsky mem U2000"]
[Site "Winnipeg CAN"]
[Date "2003.08.30"]
[Round "3"]
[White "Baser, John"]
[Black "Boron, Anthony"]
[Result "0-1"]
[WhiteElo "1891"]
[BlackElo "1904"]
[PlyCount "86"]
[EventDate "2003.08.29"]
[EventType "swiss"]
[EventRounds "6"]
[EventCountry "CAN"]

1. e4 d5 2. exd5 Qxd5 3. Nc3 Qa5 4. d4 c6 5. Bd3 Nf6 6. Bd2 Bg4 7. f3 Bh5 8.
Nge2 e6 9. Ne4 Qd8 10. c4 Nbd7 11. N2g3 Bg6 12. O-O Be7 13. Qb3 b6 14. Rae1 O-O
15. Kh1 Re8 16. f4 Nxe4 17. Bxe4 Bxe4 18. Nxe4 Nf6 19. Bc3 Nxe4 20. Rxe4 Bf6
21. Rfe1 Qd7 22. Qa4 Rad8 23. Rd1 c5 24. Qxd7 Rxd7 25. d5 Bxc3 26. bxc3 Kf8 27.
Re2 exd5 28. Rxe8+ Kxe8 29. cxd5 b5 30. Kg1 Rd6 31. Kf2 Kd7 32. Ke3 f5 33. Rd2
Ra6 34. h3 Ra4 35. g4 Re4+ 36. Kf3 g6 37. gxf5 gxf5 38. Rg2 Rc4 39. Rg7+ Kd6
40. Rxh7 Rxc3+ 41. Ke2 Kxd5 42. h4 Ra3 43. Rd7+ Ke4 0-1

[Event "Abe Yanofsky mem U2000"]
[Site "Winnipeg CAN"]
[Date "2003.08.30"]
[Round "3"]
[White "Czarny, Keith"]
[Black "Clory, Ron"]
[Result "1-0"]
[WhiteElo "1621"]
[BlackElo "1673"]
[PlyCount "59"]
[EventDate "2003.08.29"]
[EventType "swiss"]
[EventRounds "6"]
[EventCountry "CAN"]

1. Nf3 d6 2. c4 g6 3. Nc3 Bg7 4. g3 Nf6 5. Bg2 O-O 6. O-O e5 7. d3 Nc6 8. Bd2
Re8 9. Qc1 Bg4 10. Bg5 Qc8 11. Kh1 Bh3 12. Bxh3 Qxh3 13. Bxf6 Bxf6 14. Nd5 Bd8
15. Ng5 Qf5 16. Ne4 Kg7 17. f3 Nd4 18. Qd2 c6 19. Nxd6 Qe6 20. Nxe8+ Qxe8 21.
Nc3 f5 22. e3 Ne6 23. d4 Bc7 24. d5 Rd8 25. e4 Ba5 26. Qc2 Nd4 27. Qd3 a6 28.
exf5 gxf5 29. f4 exf4 30. Qxd4+ 1-0

[Event "Abe Yanofsky mem U2000"]
[Site "Winnipeg CAN"]
[Date "2003.08.30"]
[Round "3"]
[White "Dean, Tim"]
[Black "Thompson, Brian"]
[Result "0-1"]
[WhiteElo "1767"]
[BlackElo "1864"]
[PlyCount "88"]
[EventDate "2003.08.29"]
[EventType "swiss"]
[EventRounds "6"]
[EventCountry "CAN"]

1. e4 e5 2. Nf3 Nf6 3. Nxe5 d6 4. Nf3 Nxe4 5. d4 d5 6. Bd3 Nc6 7. O-O Be7 8.
Re1 Bf5 9. Nc3 Nxc3 10. bxc3 Bxd3 11. cxd3 O-O 12. Rb1 b6 13. Ne5 Nxe5 14. dxe5
d4 15. cxd4 Qxd4 16. Bb2 Qd5 17. Qb3 Rad8 18. Qxd5 Rxd5 19. d4 Rfd8 20. Kf1 c5
21. dxc5 Bxc5 22. f4 Rd2 23. Re2 Kf8 24. Ke1 Bb4 25. Rxd2 Bxd2+ 26. Ke2 Bxf4
27. g3 Bg5 28. h4 Be7 29. Rc1 Bc5 30. a4 Ke7 31. a5 Ke6 32. axb6 axb6 33. Ra1
Bb4 34. Rd1 Rxd1 35. Kxd1 g6 36. Ke2 Be7 37. Kf3 b5 38. Ke4 b4 39. Kf4 f6 40.
Ke4 fxe5 41. Bxe5 Bf6 42. Bf4 b3 43. Kd3 Be5 44. Bg5 Kf5 0-1

[Event "Abe Yanofsky mem U2000"]
[Site "Winnipeg CAN"]
[Date "2003.08.30"]
[Round "3"]
[White "Graham, Ken"]
[Black "Magyar, Peter"]
[Result "1-0"]
[WhiteElo "1903"]
[BlackElo "1711"]
[PlyCount "61"]
[EventDate "2003.08.29"]
[EventType "swiss"]
[EventRounds "6"]
[EventCountry "CAN"]

1. e4 e6 2. d4 d5 3. Be3 Nf6 4. e5 Nfd7 5. Bd3 c5 6. c3 Nc6 7. Nd2 Qb6 8. Ne2
cxd4 9. cxd4 f6 10. Nf4 Nd8 11. Qh5+ Nf7 12. O-O f5 13. Qe2 Be7 14. Bxf5 exf5
15. e6 O-O 16. exf7+ Rxf7 17. Nxd5 Qd6 18. Nf4 Nf6 19. Nc4 Qc7 20. Ne5 Rf8 21.
Rac1 Qb8 22. Qc4+ Kh8 23. Nf7+ Kg8 24. Ne5+ Kh8 25. Nfg6+ hxg6 26. Nxg6+ Kh7
27. Bf4 b5 28. Qe2 Qb6 29. Nxe7 Re8 30. Qf3 Bb7 31. Qh3+ 1-0

[Event "Abe Yanofsky mem U2000"]
[Site "Winnipeg CAN"]
[Date "2003.08.30"]
[Round "3"]
[White "Jarmasz, Mark"]
[Black "Van Wyk, Joseph"]
[Result "1-0"]
[WhiteElo "1759"]
[BlackElo "1939"]
[PlyCount "81"]
[EventDate "2003.08.29"]
[EventType "swiss"]
[EventRounds "6"]
[EventCountry "CAN"]

1. e4 e5 2. Nf3 Nc6 3. d4 exd4 4. Nxd4 Bc5 5. Nxc6 bxc6 6. Bc4 Nf6 7. Qf3 d5 8.
exd5 cxd5 9. Qe2+ Be7 10. Bd3 O-O 11. O-O Bg4 12. f3 Bc5+ 13. Kh1 Re8 14. Qd1
Bh5 15. Bg5 Rb8 16. b3 h6 17. Bh4 c6 18. Nc3 Rb4 19. Bf2 Bxf2 20. Rxf2 Qd6 21.
Re2 Rh4 22. Rxe8+ Nxe8 23. h3 Qf6 24. Qe1 Nc7 25. Kh2 Ne6 26. Ne2 Ng5 27. Ng3
Bg6 28. Qe8+ Kh7 29. Bxg6+ Kxg6 30. Re1 Qc3 31. Re2 Rd4 32. Qe5 f6 33. Qf5+ Kf7
34. Qd7+ Kg6 35. Re7 Nxf3+ 36. gxf3 Rd2+ 37. Ne2 Qxf3 38. Rxg7+ Kh5 39. Qe8+
Kh4 40. Rg4+ Qxg4 41. hxg4 1-0

[Event "Abe Yanofsky mem U2000"]
[Site "Winnipeg CAN"]
[Date "2003.08.30"]
[Round "3"]
[White "Katona, John"]
[Black "Zaczek, Jonathan"]
[Result "1-0"]
[WhiteElo "1757"]
[BlackElo "1658"]
[PlyCount "22"]
[EventDate "2003.08.29"]
[EventType "swiss"]
[EventRounds "6"]
[EventCountry "CAN"]

1. e4 c5 2. c3 d5 3. exd5 Qxd5 4. d4 cxd4 5. cxd4 Nc6 6. Nf3 Bg4 7. Nc3 Qd8 8.
d5 Ne5 9. Nxe5 Bxd1 10. Bb5+ Qd7 11. Bxd7+ Kd8 1-0

[Event "Abe Yanofsky mem U2000"]
[Site "Winnipeg CAN"]
[Date "2003.08.30"]
[Round "3"]
[White "Klokow, John"]
[Black "Wangen, Michael"]
[Result "0-1"]
[WhiteElo "1761"]
[BlackElo "1907"]
[PlyCount "30"]
[EventDate "2003.08.29"]
[EventType "swiss"]
[EventRounds "6"]
[EventCountry "CAN"]

1. e4 d5 2. exd5 Qxd5 3. Nc3 Qa5 4. Nf3 Nf6 5. d4 Bf5 6. Bd2 Nbd7 7. Bc4 c6 8.
O-O Qc7 9. Re1 e6 10. h3 h6 11. a3 O-O-O 12. b4 g5 13. Ne5 Nxe5 14. Rxe5 Rxd4
15. Qe2 Rxd2 0-1

[Event "Abe Yanofsky mem U2000"]
[Site "Winnipeg CAN"]
[Date "2003.08.30"]
[Round "3"]
[White "Lafreniere, Adrian"]
[Black "Proulx, Roy"]
[Result "1-0"]
[WhiteElo "1787"]
[BlackElo "1664"]
[PlyCount "55"]
[EventDate "2003.08.29"]
[EventType "swiss"]
[EventRounds "6"]
[EventCountry "CAN"]

1. e4 c5 2. Nf3 d6 3. b3 e5 4. Bb2 Be7 5. Bc4 Nf6 6. Nc3 O-O 7. d3 Nc6 8. O-O
Bg4 9. h3 Bh5 10. Nd5 Nd4 11. Bxd4 exd4 12. Nxf6+ Bxf6 13. Bd5 Rb8 14. g4 Bg6
15. Nd2 h6 16. f4 Kh8 17. Qf3 b5 18. a4 b4 19. Nc4 Bh7 20. Rae1 Qc7 21. Re2
Rbe8 22. Qg3 Qd8 23. g5 hxg5 24. fxg5 Bxg5 25. Nxd6 Be3+ 26. Kg2 f5 27. Nxe8 f4
28. Qxg7# 1-0

[Event "Abe Yanofsky mem U2000"]
[Site "Winnipeg CAN"]
[Date "2003.08.30"]
[Round "3"]
[White "MacPherson, Al"]
[Black "Charter, Bennet"]
[Result "0-1"]
[WhiteElo "1606"]
[BlackElo "1706"]
[PlyCount "68"]
[EventDate "2003.08.29"]
[EventType "swiss"]
[EventRounds "6"]
[EventCountry "CAN"]

1. d4 d5 2. c4 c6 3. Nc3 e6 4. Nf3 dxc4 5. e4 b5 6. a4 Bb4 7. axb5 Bxc3+ 8.
bxc3 cxb5 9. Bg5 Ne7 10. Be2 O-O 11. O-O Re8 12. Re1 Bb7 13. Qb1 Bc6 14. Ne5 a6
15. Nxc6 Nbxc6 16. e5 Qd7 17. Qe4 Nd5 18. Bd2 a5 19. f4 Nce7 20. g4 Reb8 21.
Rf1 Qc6 22. Bf3 b4 23. cxb4 axb4 24. Rxa8 Rxa8 25. Qb1 Qb6 26. Bxb4 Rb8 27. Qa1
Qxb4 28. Be4 Qb2 29. Qa7 Nc6 30. Bxh7+ Kxh7 31. Qxf7 Qxd4+ 32. Kh1 Qe4+ 33. Kg1
Qg6 34. Qxg6+ Kxg6 0-1

[Event "Abe Yanofsky mem U2000"]
[Site "Winnipeg CAN"]
[Date "2003.08.30"]
[Round "3"]
[White "Milord, Frank"]
[Black "Cowdrey, Eric"]
[Result "0-1"]
[WhiteElo "1566"]
[BlackElo "1773"]
[PlyCount "58"]
[EventDate "2003.08.29"]
[EventType "swiss"]
[EventRounds "6"]
[EventCountry "CAN"]

1. d4 d5 2. c4 e6 3. Nc3 Nf6 4. Nf3 Be7 5. Bg5 Nbd7 6. e3 c6 7. Qc2 O-O 8. cxd5
exd5 9. Bd3 Re8 10. O-O h6 11. Bh4 Nh5 12. Bxe7 Qxe7 13. Rfe1 Nhf6 14. Rac1 Ne4
15. a3 Ndf6 16. h3 Bd7 17. Qe2 Rad8 18. b4 Nxc3 19. Rxc3 Ne4 20. Rcc1 Nd6 21.
Nd2 Bf5 22. f3 Bxd3 23. Qxd3 Qd7 24. e4 dxe4 25. fxe4 Nb5 26. Nf3 Nxd4 27. e5
Nxf3+ 28. Qxf3 Qd4+ 29. Qe3 Rxe5 0-1

[Event "Abe Yanofsky mem U2000"]
[Site "Winnipeg CAN"]
[Date "2003.08.30"]
[Round "3"]
[White "Pua, Richard"]
[Black "Rutter, Blair"]
[Result "1-0"]
[WhiteElo "1639"]
[BlackElo "1751"]
[PlyCount "101"]
[EventDate "2003.08.29"]
[EventType "swiss"]
[EventRounds "6"]
[EventCountry "CAN"]

1. d4 d5 2. c4 Nf6 3. cxd5 Nxd5 4. e4 Nf6 5. Nc3 e6 6. Bg5 Be7 7. Nf3 O-O 8.
Bc4 c6 9. O-O b5 10. Bd3 Nbd7 11. Qe2 a6 12. Rfd1 Ne8 13. Bf4 Bb7 14. Rac1 Rc8
15. e5 Nc7 16. Ne4 Nd5 17. Bg3 h6 18. Nc5 Nxc5 19. dxc5 Qa5 20. Qe4 g6 21. Nh4
Bxh4 22. Bxh4 Qxa2 23. Rd2 Qb3 24. Bf6 Qb4 25. Qxb4 Nxb4 26. Be7 Rfe8 27. Bd6
Red8 28. Be4 Rd7 29. Rc3 Nd5 30. Bxd5 cxd5 31. b4 Bc6 32. Ra3 Ra8 33. Rda2 Rda7
34. Kf1 Kg7 35. Ke2 g5 36. Kd3 Kg6 37. g4 h5 38. h3 hxg4 39. hxg4 Bb7 40. Ra5
Rh8 41. Rxb5 Rha8 42. Rb6 Rc8 43. b5 Rca8 44. c6 Bc8 45. Rb8 a5 46. Rxa8 Rxa8
47. b6 Ba6+ 48. Kd4 Rc8 49. b7 Rxc6 50. b8=Q Rc4+ 51. Ke3 1-0

[Event "Abe Yanofsky mem U2000"]
[Site "Winnipeg CAN"]
[Date "2003.08.30"]
[Round "3"]
[White "Shome, Devarshi"]
[Black "Gannon, Keith"]
[Result "1-0"]
[WhiteElo "1689"]
[BlackElo "1615"]
[PlyCount "99"]
[EventDate "2003.08.29"]
[EventType "swiss"]
[EventRounds "6"]
[EventCountry "CAN"]

1. e4 c5 2. Nf3 d6 3. d4 cxd4 4. Nxd4 Nf6 5. Nc3 e6 6. g4 Nc6 7. h4 Nxd4 8.
Qxd4 e5 9. Bb5+ Bd7 10. Qd3 Nxg4 11. Qf3 Nf6 12. Bg5 Be7 13. O-O-O a6 14. Bxf6
Bxf6 15. Bxd7+ Qxd7 16. Nd5 Bd8 17. Rhg1 g6 18. Nf6+ Bxf6 19. Qxf6 Rg8 20. Rxd6
Qe7 21. Qxe7+ Kxe7 22. Rgd1 Rgd8 23. Rxd8 Rxd8 24. Rxd8 Kxd8 25. Kd2 Kd7 26. a4
Kd6 27. b4 h6 28. c4 b6 29. Ke3 f6 30. h5 g5 31. Kf3 a5 32. bxa5 bxa5 33. Kg4
Kc5 34. Kf5 Kxc4 35. Kg6 Kb3 36. Kxh6 Kxa4 37. Kg6 Kb3 38. h6 a4 39. h7 a3 40.
h8=Q a2 41. Qb8+ Kc2 42. Qa7 Kb1 43. Qb6+ Kc1 44. Qa5 Kb1 45. Kxf6 g4 46. Qb4+
Ka1 47. Qc3+ Kb1 48. Kf5 a1=Q 49. Qxa1+ Kxa1 50. Kxg4 1-0

[Event "Abe Yanofsky mem U2000"]
[Site "Winnipeg CAN"]
[Date "2003.08.30"]
[Round "3"]
[White "Strub, Michael"]
[Black "Curtis, Rory"]
[Result "1/2-1/2"]
[WhiteElo "1767"]
[BlackElo "1652"]
[PlyCount "42"]
[EventDate "2003.08.29"]
[EventType "swiss"]
[EventRounds "6"]
[EventCountry "CAN"]

1. d4 d5 2. c4 c6 3. Nf3 Nf6 4. e3 e6 5. Nc3 Be7 6. Bd3 O-O 7. O-O Nbd7 8. b3
Re8 9. Qc2 Qc7 10. e4 dxe4 11. Nxe4 Nxe4 12. Bxe4 h6 13. Re1 b6 14. Bb2 Bb7 15.
Ne5 Nxe5 16. dxe5 Rad8 17. Rad1 Bb4 18. Re3 Rxd1+ 19. Qxd1 Rd8 20. Rd3 Rxd3 21.
Qxd3 Bf8 1/2-1/2

[Event "Abe Yanofsky mem U2000"]
[Site "Winnipeg CAN"]
[Date "2003.08.31"]
[Round "4"]
[White "Bince, Rolando"]
[Black "Jarmasz, Mark"]
[Result "0-1"]
[WhiteElo "1858"]
[BlackElo "1759"]
[PlyCount "59"]
[EventDate "2003.08.29"]
[EventType "swiss"]
[EventRounds "6"]
[EventCountry "CAN"]

1. e4 c5 2. Nf3 d6 3. d4 cxd4 4. Nxd4 Nf6 5. Nc3 a6 6. Be2 e5 7. Nb3 Be6 8. O-O
Be7 9. Be3 O-O 10. f3 Nbd7 11. Nd5 Bxd5 12. exd5 b5 13. f4 Nb6 14. Bxb6 Qxb6+
15. Kh1 Rac8 16. Qd2 Ne4 17. Qe1 Rxc2 18. h3 Qe3 19. Bf3 Nf2+ 20. Kg1 Nxh3+ 21.
Kh2 Qxe1 22. Rfxe1 Nxf4 23. Na5 f5 24. Kg3 g5 25. Rg1 e4 26. Nc6 Bf6 27. Bd1
Rxb2 28. Rc1 Rxa2 29. Rc2 Rxc2 30. Bxc2 0-1

[Event "Abe Yanofsky mem U2000"]
[Site "Winnipeg CAN"]
[Date "2003.08.31"]
[Round "4"]
[White "Bist, Kent"]
[Black "Bays, Derek"]
[Result "1/2-1/2"]
[WhiteElo "1669"]
[BlackElo "1529"]
[PlyCount "41"]
[EventDate "2003.08.29"]
[EventType "swiss"]
[EventRounds "6"]
[EventCountry "CAN"]

1. c4 e5 2. Nc3 Nc6 3. g3 b6 4. Bg2 Bb7 5. a3 Rb8 6. e3 Nf6 7. Nge2 Be7 8. O-O
d6 9. b4 Qd7 10. Bb2 Nd8 11. f3 O-O 12. b5 c5 13. bxc6 Bxc6 14. d4 h6 15. d5
Bb7 16. e4 Nh7 17. f4 Rc8 18. Qb3 Qc7 19. fxe5 Qc5+ 20. Kh1 dxe5 21. Rac1
1/2-1/2

[Event "Abe Yanofsky mem U2000"]
[Site "Winnipeg CAN"]
[Date "2003.08.31"]
[Round "4"]
[White "Boron, Anthony"]
[Black "Van Wyk, Joseph"]
[Result "1-0"]
[WhiteElo "1904"]
[BlackElo "1939"]
[PlyCount "67"]
[EventDate "2003.08.29"]
[EventType "swiss"]
[EventRounds "6"]
[EventCountry "CAN"]

1. d4 d5 2. Bg5 Nd7 3. e3 Ngf6 4. Nd2 c5 5. c3 Qb6 6. Qb3 Qxb3 7. axb3 e6 8.
Bd3 Be7 9. Ngf3 h6 10. Bh4 g5 11. Bg3 Nh5 12. Be5 Nxe5 13. Nxe5 Nf6 14. h3 Bd7
15. Ndf3 a6 16. Ke2 cxd4 17. exd4 Bd6 18. g4 Rc8 19. h4 Rg8 20. hxg5 hxg5 21.
Rh6 Ne4 22. Rh7 Bxe5 23. Nxe5 Nf6 24. Rxf7 Nxg4 25. Rxd7 Nxe5 26. Rxb7 Nxd3 27.
Kxd3 Rc6 28. Rb8+ Kf7 29. Rxg8 Kxg8 30. Rg1 Rb6 31. Rxg5+ Kf7 32. Kc2 Kf6 33.
Re5 Rb7 34. c4 1-0

[Event "Abe Yanofsky mem U2000"]
[Site "Winnipeg CAN"]
[Date "2003.08.31"]
[Round "4"]
[White "Charter, Bennet"]
[Black "Barkman, Daniel"]
[Result "1/2-1/2"]
[WhiteElo "1706"]
[BlackElo "1609"]
[PlyCount "53"]
[EventDate "2003.08.29"]
[EventType "swiss"]
[EventRounds "6"]
[EventCountry "CAN"]

1. e4 e6 2. d4 d5 3. Nd2 Nf6 4. e5 Nfd7 5. Bd3 c5 6. c3 Nc6 7. Ne2 Qb6 8. Nf3
cxd4 9. cxd4 f6 10. exf6 Nxf6 11. O-O Bd6 12. b3 Bd7 13. Re1 Nb4 14. Bb1 O-O
15. a3 Nc6 16. Qd3 e5 17. dxe5 Nxe5 18. Nxe5 Bxe5 19. Nc3 Bf5 20. Qd2 Bxc3 21.
Qxc3 Bxb1 22. Rxb1 Ne4 23. Qe3 Nxf2 24. Qxb6 axb6 25. Be3 Ne4 26. a4 b5 27.
axb5 1/2-1/2